Towards a just monetary system : (Record no. 42655)
[ view plain ]
| 000 -LEADER | |
|---|---|
| fixed length control field | 00877nam a2200265 a 4500 |
| 001 - CONTROL NUMBER | |
| control field | 42655 |
| 003 - CONTROL NUMBER IDENTIFIER | |
| rucl marc code | (BD-RJUL) |
| 005 - DATE AND TIME OF LATEST TRANSACTION | |
| control field | 20211209053554.0 |
| 008 - FIXED-LENGTH DATA ELEMENTS--GENERAL INFORMATION | |
| fixed length control field | 160614s1985 enk 000 0 eng d |
| 020 ## - INTERNATIONAL STANDARD BOOK NUMBER | |
| International Standard Book Number | 0860371476 pbk |
| International Standard Book Number | 0860371468 |
| 035 ## - SYSTEM CONTROL NUMBER | |
| System control number | BD-RjUL42773 |
| 040 ## - CATALOGING SOURCE | |
| Original cataloging agency | BD-RjUL |
| Language of cataloging | eng |
| Transcribing agency | BD-RjUL |
| 041 ## - LANGUAGE CODE | |
| Language code of text/sound track or separate title | eng |
| 082 ## - DEWEY DECIMAL CLASSIFICATION NUMBER | |
| Classification number | 330.1 |
| Edition number | 23 |
| Author mark and year | CHT 1985 |
| 100 1# - MAIN ENTRY--PERSONAL NAME | |
| Personal name | Chapra, Muḥammad Umar, |
| Dates associated with a name | 1933- |
| 9 (RLIN) | 131122 |
| 245 10 - TITLE STATEMENT | |
| Title | Towards a just monetary system : |
| Remainder of title | a discussion of money, banking and monetary policy in the light of Islamic teachings / |
| Statement of responsibility, etc. | M. Umar Chapra |
| 260 ## - PUBLICATION, DISTRIBUTION, ETC. (IMPRINT) | |
| Place of publication, distribution, etc. | Leicester : |
| Name of publisher, distributor, etc. | Islamic Foundation, |
| Date of publication, distribution, etc. | c1985 |
| 300 ## - PHYSICAL DESCRIPTION | |
| Pagination | 292 p ; |
| Size | 22 cm. |
| 504 ## - BIBLIOGRAPHY, ETC. NOTE | |
| Bibliography, etc | Bibliography: p267-282. - Includes index |
| 650 #0 - SUBJECT ADDED ENTRY--TOPICAL TERM | |
| Topical term or geographic name as entry element | Economics |
| General subdivision | Religious aspects |
| -- | Islam |
| 9 (RLIN) | 117609 |
| 830 #0 - SERIES ADDED ENTRY--UNIFORM TITLE | |
| Uniform title | Islamic economic series ; |
| Volume number/sequential designation | 8 |
| 942 ## - ADDED ENTRY ELEMENTS (KOHA) | |
| Source of classification or shelving scheme | Dewey Decimal Classification |
| Koha item type | Books |
| Lost status | Source of classification or shelving scheme | Damaged status | Not for loan | Collection code | Permanent Location | Current Location | Shelving location | Date acquired | Total Checkouts | Full call number | Date last seen | Copy number | Koha item type |
|---|---|---|---|---|---|---|---|---|---|---|---|---|---|
| Dewey Decimal Classification | Non-fiction | Central Library, University of Rajshahi | Central Library, University of Rajshahi | 29/09/1996 | 330.1 CHT 1985 | 14/06/2016 | C-2 | Books | |||||
| Dewey Decimal Classification | Not For Loan | Non-fiction | Central Library, University of Rajshahi | Central Library, University of Rajshahi | Reading Room | 04/01/1995 | 330.1 CHT 1985 | 15/12/2016 | C-1 | Books |